PRACTICE OF HOSPITAL, CLINICAL AND COMMUNITY PHARMACY (Record no. 27089)

MARC details
000 -LEADER
fixed length control field 00429nam a22001577a 4500
003 - CONTROL NUMBER IDENTIFIER
control field SGT
020 ## - INTERNATIONAL STANDARD BOOK NUMBER
International Standard Book Number 9789354660412
082 ## - DEWEY DECIMAL CLASSIFICATION NUMBER
Classification number 615.1
Item number P21A
100 ## - MAIN ENTRY--PERSONAL NAME
Personal name AQIL, MOHD.
245 ## - TITLE STATEMENT
Title PRACTICE OF HOSPITAL, CLINICAL AND COMMUNITY PHARMACY
260 ## - PUBLICATION, DISTRIBUTION, ETC. (IMPRINT)
Place of publication, distribution, etc NEW DELHI
Name of publisher, distributor, etc CBS PUB.
Year of Publication 2021
300 ## - PAGE DESCRIPTION
No. of Pages 416
650 ## - SUBJECT ADDED ENTRY--TOPICAL TERM
Topical term or geographic name as entry element CLINICAL AND COMMUNITY PHARMACY
653 ## - KEYWORDS--INDEX TERM
Keyword term PRACTICE , HOSPITAL, CLINICAL , COMMUNITY, PHARMACY
942 ## - ADDED ENTRY ELEMENTS (KOHA)
Source of classification or shelving scheme Dewey Decimal Classification
Koha item type Books
Holdings
Withdrawn status Lost status Source of classification or shelving scheme Damaged status Use restrictions Not for loan Collection code Home library Current library Shelving location Date acquired Vendor Name Cost, normal purchase price SGTU Bill Number Full call number Accession No. (Barcode) Date last seen Bill Date Koha item type Total Checkouts Date last borrowed
    Dewey Decimal Classification   Restricted Access   PHARMACY SGT FA-FP Library SGT FA-FP Library Reference Book 03/10/2024 AHUJA PUB. 550.00 SGTU 19381 615.1 P21A FP5191 03/10/2024 13/08/2024 Books    
    Dewey Decimal Classification       PHARMACY SGT FA-FP Library SGT FA-FP Library Text Book 03/10/2024 AHUJA PUB. 550.00 SGTU 19381 615.1 P21A FP5192 03/10/2024 13/08/2024 Books    
    Dewey Decimal Classification       PHARMACY SGT FA-FP Library SGT FA-FP Library Text Book 03/10/2024 AHUJA PUB. 550.00 SGTU 19381 615.1 P21A FP5193 24/02/2026 13/08/2024 Books 2 24/02/2026
    Dewey Decimal Classification       PHARMACY SGT FA-FP Library SGT FA-FP Library Text Book 03/10/2024 AHUJA PUB. 550.00 SGTU 19381 615.1 P21A FP5194 03/10/2024 13/08/2024 Books    
    Dewey Decimal Classification       PHARMACY SGT FA-FP Library SGT FA-FP Library Text Book 03/10/2024 AHUJA PUB. 550.00 SGTU 19381 615.1 P21A FP5195 23/04/2026 13/08/2024 Books 3 08/04/2026